Name An Indian State A-Z - Statistics

General Stats
  • This quiz has been taken 89 times
  • The average score is 13 of 18
Answer Stats
Letter State / Union Territory % Correct
G Goa | Gujarat
94%
U Uttar Pradesh | Uttarakhand
92%
P Puducherry | Punjab
88%
A Andaman and Nicobar Islands | Andhra Pradesh | Arunachal Pradesh | Assam
83%
W West Bengal
82%
J Jammu and Kashmir | Jharkhand
80%
R Rajasthan
78%
K Karnataka | Kerala
77%
M Madhya Pradesh | Maharashtra | Manipur | Meghalaya | Mizoram
72%
T Tamil Nadu | Telangana | Tripura
70%
H Haryana | Himachal Pradesh
67%
D Dadra and Nagar Haveli and Daman and Diu | Delhi
66%
O Odisha
64%
B Bihar
60%
C Chandigarh | Chhattisgarh
60%
L Ladakh | Lakshadweep
57%
N Nagaland
53%
S Sikkim
53%
No matching quizzes found
Score Distribution
Percent of People with Each Score
Percentile by Number Answered
Your Score History
You have not taken this quiz